000
00344 a2200157 4500
001
154947
040
_c
Escola São Tomás de Aquino
100
_a
RUDEK, Roseni
240
1
0
_a
Geografia
_l
por
245
1
0
_a
Geografia
300
_a
160
362
0
_a
2014
440
1
_a
Editora do Brasil
697
_a
GEOGRAFIA GERAL / VIAGENS
942
_c
BK
999
_c
154947
_d
154947